Statistics for Генеалогия языков мира: вопросы и варианты ответов

Click here to take the quiz!

General Stats

  • This quiz has been taken 540 times
    (318 since last reset)
  • The average score is 10 of 20

Answer Stats

QuestionAnswer% Correct
К какой языковой семье относится чувашский язык?Тюркская семья
100%
К какой ветви относится английский язык?Германская ветвь
100%
К какой ветви относится немецкий язык?Германская ветвь
100%
К какой ветви относится северогерманская (скандинавская) группа?Германская ветвь
100%
К какой ветви относится французский язык?Италийская ветвь
100%
К какой группе языков относится русский язык?Славянская группа
100%
К какой ветви относится белорусский язык?Балтославянская ветвь
100%
К какой группе языков относятся мансийские языки?Угорская группа
100%
К какой группе языков относятся южнославянские языки?Славянская группа
100%
К какой подгруппе языков относится белорусский язык?Восточнославянские языки
100%
К какой языковой семье относится сербский язык?Индоевропейская семья
100%
К какой подгруппе языков относится полабский язык (†)?Западнославянские языки
100%
К какой языковой семье относятся *романские языки?Индоевропейская семья
100%
К какой группе языков относится исландский язык?Северогерманская (скандинавская) группа
100%
Какой из нижеперечисленных языков относится к афразийской макросемье?Арабский язык
100%
К какой ветви относятся хантыйские языки?Финно-угорская ветвь
100%
К какой языковой семье относится северогерманская (скандинавская) группа?Индоевропейская семья
100%
К какой ветви относится восточногерманская группа?Германская ветвь
92%
К какой языковой семье относится английский язык?Индоевропейская семья
90%
К какой языковой семье относится финно-угорская ветвь?Уральская семья
90%
К какой подгруппе языков относится окситанский (провансальский) язык?Романские языки
90%
К какой языковой семье относится японский язык?Японо-рюкюская семья
89%
К какой ветви относятся эстонские языки?Финно-угорская ветвь
89%
К какой языковой семье относится турецкий язык?Тюркская семья
88%
К какой группе языков относится белорусский язык?Славянская группа
88%
К какой языковой семье относится *балтийская группа?Индоевропейская семья
88%
К какой группе языков относится польский язык?Славянская группа
88%
К какой языковой семье относится русский язык?Индоевропейская семья
88%
К какой языковой семье относится западногерманская группа?Индоевропейская семья
87%
К какой подгруппе языков относится украинский язык?Восточнославянские языки
86%
К какой ветви относится польский язык?Балтославянская ветвь
86%
К какой языковой семье относится лесной ненецкий язык?Уральская семья
86%
К какой группе языков относится украинский язык?Славянская группа
86%
К какой языковой семье относится словенский язык?Индоевропейская семья
86%
К какой ветви относится таджикский язык?Индоиранская ветвь
85%
К какой ветви относится болгарский язык?Балтославянская ветвь
85%
К какой ветви относится итальянский язык?Италийская ветвь
83%
К какой языковой семье относится чукотско-корякская ветвь?Чукотско-камчатская семья
83%
К какой ветви относится русский язык?Балтославянская ветвь
83%
К какой языковой семье относится древнееврейский язык (библейский иврит) (†)?Семитская семья
83%
К какой языковой семье относится галльский язык (†)?Индоевропейская семья
83%
К какой группе языков относится старославянский язык (†)?Славянская группа
83%
К какой языковой семье относится даргинская ветвь?Нахско-дагестанская семья
83%
К какой языковой семье относится корейский язык?Корейская семья
83%
К какой языковой семье относится италийская ветвь?Индоевропейская семья
82%
К какой языковой семье относится *славянская группа?Индоевропейская семья
82%
К какой подгруппе языков относится чешский язык?Западнославянские языки
80%
К какой языковой семье относится чешский язык?Индоевропейская семья
80%
К какой группе языков относится словацкий язык?Славянская группа
80%
К какой группе языков относится хеттский язык (†)?Хеттская группа
80%
К какой языковой семье относится хорватский язык?Индоевропейская семья
80%
К какой ветви относится словенский язык?Балтославянская ветвь
80%
К какой ветви относится марийская группа?Финно-угорская ветвь
80%
К какой языковой семье относится монгольский язык?Монгольская семья
80%
К какой группе языков относятся западнославянские языки?Славянская группа
80%
К какой языковой семье относятся южнославянские языки?Индоевропейская семья
80%
К какой языковой семье относится болгарский язык?Индоевропейская семья
80%
К какой ветви относится хеттская группа?Анатолийская (хетто-лувийская) ветвь
80%
К какой языковой семье относится белорусский язык?Индоевропейская семья
80%
К какой языковой семье относится македонский язык?Индоевропейская семья
79%
К какой ветви относится *балтийская группа?Балтославянская ветвь
79%
К какой языковой семье относится ирландский язык?Индоевропейская семья
78%
К какой ветви относится македонский язык?Балтославянская ветвь
78%
К какой ветви относятся карельские языки?Финно-угорская ветвь
78%
К какой языковой семье относится туркменский язык?Тюркская семья
78%
К какой ветви относится исландский язык?Германская ветвь
78%
К какой группе языков относится цыганский язык?Индоарийская группа
78%
К какой языковой семье относится иранская группа?Индоевропейская семья
77%
К какой группе языков относится македонский язык?Славянская группа
75%
К какой группе языков относится итальянский язык?Латино-фалискская группа
75%
К какой группе языков относится словенский язык?Славянская группа
75%
К какой языковой семье относится албанский язык?Индоевропейская семья
75%
К какой языковой семье относится итальянский язык?Индоевропейская семья
75%
К какой языковой семье относится каннада?Дравидийская семья
75%
К какой языковой семье относится индоиранская ветвь?Индоевропейская семья
75%
К какой языковой семье относится исландский язык?Индоевропейская семья
75%
К какой языковой семье относится румынский язык?Индоевропейская семья
75%
К какой группе языков относится литовский язык?Балтийская группа
75%
К какой языковой семье относится латинский язык (латынь) (†)?Индоевропейская семья
75%
К какой ветви относится готский язык (†)?Германская ветвь
75%
К какой языковой семье относятся фризские языки?Индоевропейская семья
75%
К какой языковой семье относится боснийский язык?Индоевропейская семья
75%
К какой ветви относится валлийский язык?Кельтская ветвь
73%
К какой языковой семье относятся восточнославянские языки?Индоевропейская семья
73%
К какой ветви относится верхнелужицкий язык?Балтославянская ветвь
73%
К какой подгруппе языков относится итальянский язык?Романские языки
73%
К какой ветви относится *славянская группа?Балтославянская ветвь
73%
К какой группе языков относится таджикский язык?Иранская группа
71%
К какой языковой семье относится башкирский язык?Тюркская семья
71%
К какой языковой семье относится латышский язык?Индоевропейская семья
71%
К какой ветви относится испанский язык?Италийская ветвь
71%
К какой языковой семье относится таджикский язык?Индоевропейская семья
71%
К какой языковой семье относится чеченский язык?Нахско-дагестанская семья
71%
К какой языковой семье относится коми-зырянский язык?Уральская семья
71%
К какой ветви относится голландский (нидерландский) язык?Германская ветвь
71%
К какой языковой семье относится норвежский язык?Индоевропейская семья
71%
Какой из нижеперечисленных языков относится к афразийской макросемье?Амхарский язык
71%
К какой языковой семье относится германская ветвь?Индоевропейская семья
71%
К какой языковой семье относится акушинский язык?Нахско-дагестанская семья
71%
К какой языковой семье относится голландский (нидерландский) язык?Индоевропейская семья
71%
К какой подгруппе языков относятся ретороманские языки?Романские языки
71%
К какой ветви относится латышский язык?Балтославянская ветвь
70%
К какой языковой семье относится армянский язык?Индоевропейская семья
70%
К какой языковой семье относится африкаанс?Индоевропейская семья
70%
К какой группе языков относится эрзянский язык?Мордовская группа
70%
К какой языковой семье относится киргизский язык?Тюркская семья
70%
К какой группе языков относится норвежский язык?Северогерманская (скандинавская) группа
69%
К какой языковой семье относится немецкий язык?Индоевропейская семья
67%
К какой ветви относится шотландский язык?Кельтская ветвь
67%
К какой языковой семье относится шотландский язык?Индоевропейская семья
67%
К какой ветви относится ирландский язык?Кельтская ветвь
67%
К какой подгруппе языков относится французский язык?Романские языки
67%
К какой ветви относится каталанский язык?Италийская ветвь
67%
К какой ветви относится румынский язык?Италийская ветвь
67%
К какой ветви относится датский язык?Германская ветвь
67%
Какая из нижеперечисленных языковых семей относится к афразийской макросемье?Семитская семья
67%
К какой языковой семье относится украинский язык?Индоевропейская семья
67%
К какой ветви относится словацкий язык?Балтославянская ветвь
67%
К какой группе языков относится мокшанский язык?Мордовская группа
67%
К какой ветви относится коми-пермяцкий язык?Финно-угорская ветвь
67%
К какой ветви относится чукотский язык?Чукотско-корякская ветвь
67%
К какой языковой семье относится польский язык?Индоевропейская семья
67%
К какой ветви относится корякский язык?Чукотско-корякская ветвь
67%
К какой группе языков относится баскский язык?Ни к какой, это язык-изолят
67%
К какой ветви относится полабский язык (†)?Балтославянская ветвь
67%
К какой языковой семье относится лезгинская ветвь?Нахско-дагестанская семья
67%
К какой ветви относится финский язык?Финно-угорская ветвь
67%
К какой языковой семье относится лакский язык?Нахско-дагестанская семья
67%
К какой группе языков относятся хинди и урду?Индоарийская группа
67%
К какой языковой семье относится бацбийский язык?Нахско-дагестанская семья
67%
К какой языковой семье относится аварский язык?Нахско-дагестанская семья
67%
К какой языковой семье относится баскский язык?Ни к какой, это язык-изолят
67%
К какой группе языков относится хорватский язык?Славянская группа
67%
К какой ветви относится тохарский б (†)?Тохарская ветвь
67%
К какой языковой семье относится якутский язык?Тюркская семья
67%
К какой группе языков относится сербский язык?Славянская группа
67%
К какой ветви относится хеттский язык (†)?Анатолийская (хетто-лувийская) ветвь
67%
К какой языковой семье относится ассирийский новоарамейский язык?Семитская семья
67%
К какой языковой семье относится азербайджанский язык?Тюркская семья
67%
К какой языковой семье относится санскрит (†)?Индоевропейская семья
67%
К какой подгруппе языков относится испанский язык?Романские языки
64%
К какой ветви относится норвежский язык?Германская ветвь
64%
К какой подгруппе языков относится португальский язык?Романские языки
64%
К какой ветви относится баскский язык?Ни к какой, это язык-изолят
64%
Какой из нижеперечисленных языков относится к афразийской макросемье?Геэз (†)
63%
К какой языковой семье относятся ретороманские языки?Индоевропейская семья
63%
К какой языковой семье относится идиш?Индоевропейская семья
63%
К какой группе языков относится болгарский язык?Славянская группа
63%
К какой языковой семье относится узбекский язык?Тюркская семья
63%
К какой группе языков относится шведский язык?Северогерманская (скандинавская) группа
63%
К какой языковой семье относится цыганский язык?Индоевропейская семья
63%
К какой языковой семье относится ингушский язык?Нахско-дагестанская семья
63%
К какой языковой семье относится крымско-татарский язык?Тюркская семья
63%
К какой ветви относится иранская группа?Индоиранская ветвь
63%
К какой языковой семье относятся эстонские языки?Уральская семья
60%
К какой группе языков относится кильдинский саамский язык?Саамская группа
60%
К какой ветви относится персидский язык (фарси)?Индоиранская ветвь
60%
К какой ветви относится осетинский язык?Индоиранская ветвь
60%
К какой языковой семье относится осетинский язык?Индоевропейская семья
60%
К какой группе языков относятся хантыйские языки?Угорская группа
60%
К какой языковой семье относятся мансийские языки?Уральская семья
60%
К какой языковой семье относится молдавский язык?Индоевропейская семья
60%
К какой группе языков относится латышский язык?Балтийская группа
60%
К какой ветви относится санскрит (†)?Индоиранская ветвь
60%
К какой языковой семье относится полабский язык (†)?Индоевропейская семья
60%
К какой языковой семье относятся западнославянские языки?Индоевропейская семья
60%
К какой группе языков относится боснийский язык?Славянская группа
60%
К какой языковой семье относится тигринья?Семитская семья
60%
К какой языковой семье относится французский язык?Индоевропейская семья
60%
К какой языковой семье относится арабский язык?Семитская семья
60%
К какой группе языков относится голландский (нидерландский) язык?Западногерманская группа
60%
К какой группе языков относится датский язык?Северогерманская (скандинавская) группа
60%
К какой ветви относится украинский язык?Балтославянская ветвь
60%
К какой языковой семье относится тохарский б (†)?Индоевропейская семья
60%
К какой ветви относится греческий язык?Греческая ветвь
60%
К какой ветви относится мокшанский язык?Финно-угорская ветвь
60%
К какой ветви относится латинский язык (латынь) (†)?Италийская ветвь
60%
К какой подгруппе языков относится болгарский язык?Южнославянские языки
58%
К какой языковой семье относится старославянский язык (†)?Индоевропейская семья
58%
К какой ветви относится старославянский язык (†)?Балтославянская ветвь
58%
К какой подгруппе языков относится молдавский язык?Романские языки
58%
К какой языковой семье относится казахский язык?Тюркская семья
57%
К какой языковой семье относится табасаранский язык?Нахско-дагестанская семья
57%
К какой языковой семье относится тувинский язык?Тюркская семья
57%
К какой языковой семье относится бретонский язык?Индоевропейская семья
57%
К какой ветви относится табасаранский язык?Лезгинская ветвь
57%
К какой ветви относится нганасанский язык?Самодийская ветвь
57%
К какой ветви относится угорская группа?Финно-угорская ветвь
57%
К какой языковой семье относится персидский язык (фарси)?Индоевропейская семья
57%
К какой языковой семье относится готский язык (†)?Индоевропейская семья
57%
К какой языковой семье относится аваро-андийская ветвь?Нахско-дагестанская семья
57%
К какой ветви относится армянский язык?Армянская ветвь
57%
К какой языковой семье относится прусский язык (†)?Индоевропейская семья
57%
К какой ветви относятся восточнославянские языки?Балтославянская ветвь
56%
К какой ветви относится вепсский язык?Финно-угорская ветвь
56%
К какой ветви относятся хинди и урду?Индоиранская ветвь
56%
К какой ветви относится прибалтийско-финская группа?Финно-угорская ветвь
56%
К какой языковой семье относится чукотский язык?Чукотско-камчатская семья
56%
К какой языковой семье относится нивхский язык?Ни к какой, это язык-изолят
56%
К какой группе языков относятся *романские языки?Латино-фалискская группа
56%
К какой подгруппе языков относится русский язык?Восточнославянские языки
56%
К какой языковой семье относится кельтская ветвь?Индоевропейская семья
56%
К какой языковой семье относится балтославянская ветвь?Индоевропейская семья
55%
К какой подгруппе языков относится словацкий язык?Западнославянские языки
55%
К какой языковой семье относится адыгейский язык?Абхазо-адыгская семья
55%
К какой ветви относится индоарийская группа?Индоиранская ветвь
55%
К какой языковой семье относится финский язык?Уральская семья
55%
К какой подгруппе языков относится каталанский язык?Романские языки
55%
К какой подгруппе языков относится румынский язык?Романские языки
55%
К какой языковой семье относится хакасский язык?Тюркская семья
54%
К какой ветви относится венгерский язык?Финно-угорская ветвь
54%
К какой языковой семье относится удэгейский язык?Тунгусо-маньчжурская семья
50%
К какой языковой семье относится тамильский язык?Дравидийская семья
50%
К какой языковой семье относится ижорский язык?Уральская семья
50%
К какой языковой семье относится цахурский язык?Нахско-дагестанская семья
50%
К какой ветви относится цахурский язык?Лезгинская ветвь
50%
К какой ветви относится удинский язык?Лезгинская ветвь
50%
К какой языковой семье относится греческий язык?Индоевропейская семья
50%
К какой группе языков относится санскрит (†)?Индоарийская группа
50%
К какой ветви относится саамская группа?Финно-угорская ветвь
50%
К какой языковой семье относится малаялам?Дравидийская семья
50%
К какой подгруппе языков относится нижнелужицкий язык?Западнославянские языки
50%
К какой ветви относится нижнелужицкий язык?Балтославянская ветвь
50%
К какой группе языков относится луговомарийский (лугововосточный марийский) язык?Марийская группа
50%
К какой подгруппе языков относится польский язык?Западнославянские языки
50%
К какой языковой семье относится лазский язык?Картвельская семья
50%
К какой ветви относится эрзянский язык?Финно-угорская ветвь
50%
К какой группе языков относятся эстонские языки?Прибалтийско-финская группа
50%
К какой языковой семье относится кабардинский язык?Абхазо-адыгская семья
50%
К какой языковой семье относится нахская ветвь?Нахско-дагестанская семья
50%
К какой подгруппе языков относится верхнелужицкий язык?Западнославянские языки
50%
К какой языковой семье относится горномарийский язык?Уральская семья
50%
К какой языковой семье относится хиналугский язык?Нахско-дагестанская семья
50%
К какой языковой семье относится греческая ветвь?Индоевропейская семья
50%
К какой языковой семье относится мордовская группа?Уральская семья
50%
К какой языковой семье относится словацкий язык?Индоевропейская семья
50%
К какой подгруппе языков относится македонский язык?Южнославянские языки
50%
К какой группе языков относятся карельские языки?Прибалтийско-финская группа
50%
К какой языковой семье относится окситанский (провансальский) язык?Индоевропейская семья
50%
К какой ветви относится нивхский язык?Ни к какой, это язык-изолят
50%
К какой ветви относятся мансийские языки?Финно-угорская ветвь
50%
К какой языковой семье относится испанский язык?Индоевропейская семья
50%
К какой ветви относится португальский язык?Италийская ветвь
50%
К какой языковой семье относится португальский язык?Индоевропейская семья
50%
К какой ветви относятся западнославянские языки?Балтославянская ветвь
50%
К какой группе языков относятся ретороманские языки?Латино-фалискская группа
50%
К какой языковой семье относится айнский язык?Ни к какой, это язык-изолят
50%
К какой языковой семье относится татарский язык?Тюркская семья
50%
К какой группе языков относится бурушаски?Ни к какой, это язык-изолят
50%
К какой группе языков относится английский язык?Западногерманская группа
50%
К какой языковой семье относится мэнский язык?Индоевропейская семья
50%
К какой группе языков относится осетинский язык?Иранская группа
50%
К какой языковой семье относится коми-пермяцкий язык?Уральская семья
50%
К какой ветви относится пермская группа?Финно-угорская ветвь
50%
Какой из нижеперечисленных языков относится к афразийской макросемье?Тигринья
50%
К какой ветви относится цыганский язык?Индоиранская ветвь
50%
К какой ветви относится сербский язык?Балтославянская ветвь
50%
К какой языковой семье относится восточногерманская группа?Индоевропейская семья
50%
К какой подгруппе языков относится сербский язык?Южнославянские языки
50%
К какой языковой семье относится латино-фалискская группа?Индоевропейская семья
50%
К какой группе языков относится коми-зырянский язык?Пермская группа
46%
К какой ветви относится водский язык?Финно-угорская ветвь
46%
Какая из нижеперечисленных языковых семей относится к афразийской макросемье?Кушитская семья
45%
К какой языковой семье относится бурушаски?Ни к какой, это язык-изолят
45%
К какой группе языков относится горномарийский язык?Марийская группа
45%
К какой ветви относится чеченский язык?Нахская ветвь
45%
К какой языковой семье относятся хантыйские языки?Уральская семья
45%
К какой ветви относится бретонский язык?Кельтская ветвь
45%
К какой языковой семье относится венгерский язык?Уральская семья
44%
К какой группе языков относится удмуртский язык?Пермская группа
44%
К какой языковой семье относится индоарийская группа?Индоевропейская семья
44%
К какой языковой семье относится грузинский язык?Картвельская семья
44%
К какой подгруппе языков относится словенский язык?Южнославянские языки
44%
К какой ветви относится галльский язык (†)?Кельтская ветвь
44%
К какой языковой семье относится алюторский язык?Чукотско-камчатская семья
44%
К какой языковой семье относится кашубский язык?Индоевропейская семья
44%
К какой ветви относится аварский язык?Аваро-андийская ветвь
44%
К какой ветви относится мэнский язык?Кельтская ветвь
44%
К какой языковой семье относится валлийский язык?Индоевропейская семья
44%
К какой ветви относится шведский язык?Германская ветвь
44%
К какой группе языков относится ижорский язык?Прибалтийско-финская группа
43%
К какой ветви относится африкаанс?Германская ветвь
43%
К какой языковой семье относится датский язык?Индоевропейская семья
43%
К какой группе языков относится персидский язык (фарси)?Иранская группа
43%
К какой языковой семье относится фарерский язык?Индоевропейская семья
43%
К какой языковой семье относятся китайские языки?Сино-тибетская семья
43%
К какой группе языков относится каталанский язык?Латино-фалискская группа
43%
К какой ветви относится окситанский (провансальский) язык?Италийская ветвь
43%
Какой из нижеперечисленных языков относится к афразийской макросемье?Сирийский язык (†)
43%
К какой ветви относится татский язык?Индоиранская ветвь
43%
К какой языковой семье относится хеттский язык (†)?Индоевропейская семья
43%
К какой языковой семье относится кайтагский язык?Нахско-дагестанская семья
43%
К какой языковой семье относится мокшанский язык?Уральская семья
43%
К какой языковой семье относится корякский язык?Чукотско-камчатская семья
43%
К какой языковой семье относится верхнелужицкий язык?Индоевропейская семья
43%
К какой ветви относится сардинский язык?Италийская ветвь
43%
К какой группе языков относится водский язык?Прибалтийско-финская группа
43%
К какой языковой семье относится агульский язык?Нахско-дагестанская семья
43%
К какой языковой семье относится саамская группа?Уральская семья
40%
К какой языковой семье относится иврит?Семитская семья
40%
К какой языковой семье относится бурятский язык?Монгольская семья
40%
К какой языковой семье относится прибалтийско-финская группа?Уральская семья
40%
К какой языковой семье относится абазинский язык?Абхазо-адыгская семья
40%
К какой языковой семье относится абхазский язык?Абхазо-адыгская семья
40%
Какая из нижеперечисленных языковых семей относится к афразийской макросемье?Берберо-канарская семья
40%
К какой ветви относится латино-фалискская группа?Италийская ветвь
40%
К какой языковой семье относится цезская ветвь?Нахско-дагестанская семья
40%
К какой языковой семье относится алеутская ветвь?Эскимосско-алеутская семья
40%
В каком языке выделяют гегский диалект?Албанский язык
40%
К какой группе языков относится румынский язык?Латино-фалискская группа
40%
К какой ветви относится арчинский язык?Лезгинская ветвь
40%
К какой группе языков относится финский язык?Прибалтийско-финская группа
40%
К какой ветви относится хорватский язык?Балтославянская ветвь
40%
К какой ветви относится литовский язык?Балтославянская ветвь
40%
К какой группе языков относится нижнелужицкий язык?Славянская группа
40%
К какой подгруппе языков относится хорватский язык?Южнославянские языки
40%
К какой ветви относится удмуртский язык?Финно-угорская ветвь
40%
К какой языковой семье относится будухский язык?Нахско-дагестанская семья
40%
К какой ветви относится айнский язык?Ни к какой, это язык-изолят
40%
К какой языковой семье относится галисийский язык?Индоевропейская семья
40%
К какой языковой семье относится колымский юкагирский (южноюкагирский) язык?Юкагирская семья
38%
К какой языковой семье относится сефардский язык?Индоевропейская семья
38%
К какой группе языков относится чешский язык?Славянская группа
38%
К какой ветви относится ижорский язык?Финно-угорская ветвь
38%
К какой ветви относится западногерманская группа?Германская ветвь
38%
К какой языковой семье относится вепсский язык?Уральская семья
38%
К какой языковой семье относится армянская ветвь?Индоевропейская семья
38%
К какой языковой семье относится коптский язык (†)?Египетская семья
38%
К какой ветви относится мордовская группа?Финно-угорская ветвь
38%
К какой языковой семье относится уйгурский язык?Тюркская семья
38%
К какой языковой семье относится сирийский язык (†)?Семитская семья
38%
К какой языковой семье относится анатолийская (хетто-лувийская) ветвь?Индоевропейская семья
38%
К какой группе языков относится полабский язык (†)?Славянская группа
38%
К какой языковой семье относится каталанский язык?Индоевропейская семья
38%
К какой ветви относится алюторский язык?Чукотско-корякская ветвь
38%
К какой подгруппе языков относится боснийский язык?Южнославянские языки
38%
Какой из нижеперечисленных языков относится к афразийской макросемье?Коптский язык (†)
36%
К какой языковой семье относится удинский язык?Нахско-дагестанская семья
36%
К какой группе языков относится фарерский язык?Северогерманская (скандинавская) группа
36%
К какой подгруппе языков относится сефардский язык?Романские языки
33%
К какой языковой семье относятся карельские языки?Уральская семья
33%
К какой языковой семье относится лезгинский язык?Нахско-дагестанская семья
33%
К какой языковой семье относится хеттская группа?Индоевропейская семья
33%
К какой ветви относится крызский язык?Лезгинская ветвь
33%
К какой группе языков относится прусский язык (†)?Балтийская группа
33%
К какой ветви относится лезгинский язык?Лезгинская ветвь
33%
К какой языковой семье относится нуристанская группа?Индоевропейская семья
33%
К какой группе языков относится португальский язык?Латино-фалискская группа
33%
К какой группе языков относятся восточнославянские языки?Славянская группа
33%
К какой ветви относится акушинский язык?Даргинская ветвь
33%
К какой языковой семье относятся хинди и урду?Индоевропейская семья
33%
К какой языковой семье относится тохарская ветвь?Индоевропейская семья
33%
К какой языковой семье относится водский язык?Уральская семья
33%
К какой языковой семье относится тундренный юкагирский (северноюкагирский) язык?Юкагирская семья
33%
К какой языковой семье относится пермская группа?Уральская семья
33%
К какой языковой семье относится эрзянский язык?Уральская семья
33%
К какой языковой семье относится грабар (†)?Индоевропейская семья
33%
Какая из нижеперечисленных языковых семей относится к афразийской макросемье?Египетская семья
33%
К какой языковой семье относится кильдинский саамский язык?Уральская семья
33%
К какой ветви относится коми-зырянский язык?Финно-угорская ветвь
33%
К какой языковой семье относится удмуртский язык?Уральская семья
33%
К какой ветви относится чешский язык?Балтославянская ветвь
33%
К какой языковой семье относится каракалпакский язык?Тюркская семья
33%
К какой группе языков относится кашубский язык?Славянская группа
33%
К какой группе языков относится окситанский (провансальский) язык?Латино-фалискская группа
30%
К какой ветви относится сефардский язык?Италийская ветвь
30%
К какой языковой семье относится оскско-умбрская группа?Индоевропейская семья
30%
К какой языковой семье относится сардинский язык?Индоевропейская семья
29%
К какой подгруппе языков относится сардинский язык?Романские языки
29%
К какой ветви относится энецкий язык?Самодийская ветвь
29%
К какой группе языков относится нивхский язык?Ни к какой, это язык-изолят
29%
К какой ветви относится тундровый ненецкий язык?Самодийская ветвь
29%
К какой ветви относятся фризские языки?Германская ветвь
29%
К какой группе языков относится сефардский язык?Латино-фалискская группа
29%
К какой ветви относятся *романские языки?Италийская ветвь
29%
Какая из нижеперечисленных языковых семей относится к афразийской макросемье?Чадская семья
29%
К какой языковой семье относится марийская группа?Уральская семья
29%
К какой ветви относятся селькупские языки?Самодийская ветвь
29%
К какой ветви относится латгальский язык?Балтославянская ветвь
29%
К какой языковой семье относится литовский язык?Индоевропейская семья
29%
К какой языковой семье относится угорская группа?Уральская семья
29%
К какой языковой семье относятся селькупские языки?Уральская семья
29%
К какой ветви относится агульский язык?Лезгинская ветвь
29%
К какой ветви относится луговомарийский (лугововосточный марийский) язык?Финно-угорская ветвь
29%
К какой языковой семье относятся маньчжурский и сибинский языки?Тунгусо-маньчжурская семья
29%
К какой ветви относится оскско-умбрская группа?Италийская ветвь
29%
К какой ветви относится корнский язык?Кельтская ветвь
27%
К какой языковой семье относится гагаузский язык?Тюркская семья
27%
К какой группе языков относится готский язык (†)?Восточногерманская группа
27%
К какой группе языков относятся фризские языки?Западногерманская группа
27%
К какой группе языков относится сардинский язык?Латино-фалискская группа
27%
К какой группе языков относится испанский язык?Латино-фалискская группа
25%
К какой ветви относится нуристанская группа?Индоиранская ветвь
25%
К какой группе языков относится айнский язык?Ни к какой, это язык-изолят
25%
К какой языковой семье относится татский язык?Индоевропейская семья
25%
К какой языковой семье относится нижнелужицкий язык?Индоевропейская семья
25%
К какой языковой семье относится рутульский язык?Нахско-дагестанская семья
25%
К какой языковой семье относится сванский язык?Картвельская семья
25%
К какой языковой семье относится негидальский язык?Тунгусо-маньчжурская семья
25%
К какой группе языков относится молдавский язык?Латино-фалискская группа
25%
К какой ветви относятся ретороманские языки?Италийская ветвь
25%
К какой ветви относится молдавский язык?Италийская ветвь
25%
К какой языковой семье относится энецкий язык?Уральская семья
25%
К какой языковой семье относится ногайский язык?Тюркская семья
25%
К какой ветви относится тохарский а (†)?Тохарская ветвь
25%
К какой языковой семье относится амхарский язык?Семитская семья
25%
К какой языковой семье относится кубачинский язык?Нахско-дагестанская семья
25%
К какой группе языков относится идиш?Западногерманская группа
23%
К какой подгруппе языков относится галисийский язык?Романские языки
22%
К какой ветви относится боснийский язык?Балтославянская ветвь
22%
К какой языковой семье относится караимский язык?Тюркская семья
22%
К какой ветви относится кайтагский язык?Даргинская ветвь
22%
К какой языковой семье относится убыхский язык (†)?Абхазо-адыгская семья
20%
К какой языковой семье относится нганасанский язык?Уральская семья
20%
К какой ветви относится горномарийский язык?Финно-угорская ветвь
20%
К какой языковой семье относится телугу?Дравидийская семья
20%
Какой из нижеперечисленных языков относится к афразийской макросемье?Ассирийский новоарамейский язык
20%
К какой группе языков относится галисийский язык?Латино-фалискская группа
20%
К какой языковой семье относится эвенкийский язык?Тунгусо-маньчжурская семья
17%
К какой группе языков относится верхнелужицкий язык?Славянская группа
17%
К какой языковой семье относится эскимосская ветвь?Эскимосско-алеутская семья
17%
К какой языковой семье относится кумыкский язык?Тюркская семья
17%
К какой языковой семье относится самодийская ветвь?Уральская семья
17%
К какой ветви относится бацбийский язык?Нахская ветвь
17%
К какой ветви относится рутульский язык?Лезгинская ветвь
17%
К какой ветви относится галисийский язык?Италийская ветвь
17%
К какой языковой семье относится корнский язык?Индоевропейская семья
17%
К какой группе языков относится французский язык?Латино-фалискская группа
17%
К какой языковой семье относится шведский язык?Индоевропейская семья
17%
Какой из нижеперечисленных языков относится к афразийской макросемье?Древнееврейский язык (библейский иврит) (†)
17%
К какой подгруппе языков относится старославянский язык (†)?Южнославянские языки
14%
К какой ветви относится бурушаски?Ни к какой, это язык-изолят
14%
К какой языковой семье относится геэз (†)?Семитская семья
14%
К какой группе языков относится венгерский язык?Угорская группа
14%
К какой группе языков относится африкаанс?Западногерманская группа
14%
К какой языковой семье относится калмыцкий язык?Монгольская семья
14%
К какой группе языков относится латинский язык (латынь) (†)?Латино-фалискская группа
13%
К какой ветви относится кашубский язык?Балтославянская ветвь
13%
К какой языковой семье относится нанайский язык?Тунгусо-маньчжурская семья
13%
К какой языковой семье относится крызский язык?Нахско-дагестанская семья
13%
К какой языковой семье относится латгальский язык?Индоевропейская семья
13%
К какой ветви относится будухский язык?Лезгинская ветвь
11%
К какой языковой семье относится мегрельский язык?Картвельская семья
11%
К какой языковой семье относится тундровый ненецкий язык?Уральская семья
10%
К какой ветви относится кильдинский саамский язык?Финно-угорская ветвь
9%
К какой ветви относится кубачинский язык?Даргинская ветвь
9%
К какой языковой семье относится тохарский а (†)?Индоевропейская семья
9%
К какой группе языков относится вепсский язык?Прибалтийско-финская группа
0%
К какой группе языков относится латгальский язык?Балтийская группа
0%
Какая из нижеперечисленных языковых семей относится к афразийской макросемье?Омотская семья
0%
К какой ветви относится лесной ненецкий язык?Самодийская ветвь
0%
К какой группе языков относится немецкий язык?Западногерманская группа
0%
К какой языковой семье относится карачаево-балкарский язык?Тюркская семья
0%
К какой языковой семье относится арчинский язык?Нахско-дагестанская семья
0%
К какой языковой семье относится брагуи (брауи)?Дравидийская семья
0%
К какой группе языков относится татский язык?Иранская группа
0%
К какой ветви относится грабар (†)?Армянская ветвь
0%
К какой языковой семье относится кетский язык?Енисейская семья
0%
К какой ветви относится ингушский язык?Нахская ветвь
0%
К какой группе языков относится коми-пермяцкий язык?Пермская группа
0%
К какой ветви относится идиш?Германская ветвь
0%
К какой ветви относится фарерский язык?Германская ветвь
0%
К какой подгруппе языков относится кашубский язык?Западнославянские языки
0%
В каком языке выделяют тоскский диалект?Албанский язык
0%
К какой ветви относится прусский язык (†)?Балтославянская ветвь
0%
К какой языковой семье относится эвенский язык?Тунгусо-маньчжурская семья
0%
Какой из нижеперечисленных языков относится к афразийской макросемье?Иврит
0%
К какой языковой семье относится луговомарийский (лугововосточный марийский) язык?Уральская семья
0%
К какой языковой семье относится ительменский язык?Чукотско-камчатская семья
0%
К какой ветви относятся южнославянские языки?Балтославянская ветвь
0%

Score Distribution

Percentile by Number Answered

Percent of People with Each Score

Your Score History

You have not taken this quiz since the last reset